000 00766nam a2200205 i 4500
001 106260
003 ES-MaACL
005 20250809063514.0
007 t|
008 061017s1993 sp ||||1| spa d
080 _a930.85(460:65)
100 1 _aVilar, Juan Bautista,
_d1941-2018
_9114797
245 1 3 _aLa cultura española en Argelia (1830-1962) /
_cJuan Bta. Vilar.
260 _a[S.l. :
_bs.n.,
_c1983]
300 _a[12] h. ;
_c21 cm.
500 _aEjemplar fotocopiado de un artículo en el libro: Presencia cultural de España en el Magreb / Victor Morales Lezcano ... [et al.]. Madrid : MAPFRE, 1993.
651 4 _aArgelia-
_xCivilización-
_xInfluencia española.
_97799
852 _aES-MaACL
_j2206-F-46
_bR.138033
999 _c106260
_d106260